| 000 | 00462nam a2200157 i 4500 | ||
|---|---|---|---|
| 001 | 101826 | ||
| 003 | ES-MaACL | ||
| 005 | 20230906183004.0 | ||
| 007 | t| | ||
| 008 | 051026s1979 sp ||||1| spa d | ||
| 100 | 1 |
_aMena, Lucila Inés. _980048 |
|
| 245 | 1 | 3 |
_aLa función de la Historia en "Cien años de soledad" / _cLucila Inés Mena. |
| 260 |
_aBarcelona : _bPlaza & Janés, _c1979. |
||
| 300 |
_a222 p. ; _c22 cm. |
||
| 852 |
_aES-MaACL _jA-10763 _bR.99974 |
||
| 999 |
_c101826 _d101826 |
||